A plant hunter in Tibet
| Main Author: | |
|---|---|
| Format: | Book |
| Published: |
Bangkok, Thailand :
Orchid Press ,
2006
|
| Subjects: |
MARC
| LEADER | 00000cam a2200000 7i4500 | ||
|---|---|---|---|
| 001 | 0000020400 | ||
| 005 | 20131111.0 | ||
| 008 | 080626 | ||
| 020 | |a 9745240877 | ||
| 090 | 0 | 0 | |a 580.9515 |b KIN |
| 100 | 1 | |a Kingdom-Ward, Frank | |
| 245 | 1 | 2 | |a A plant hunter in Tibet |c Frank Kingdom-Ward |
| 260 | |a Bangkok, Thailand : |b Orchid Press , |c 2006 | ||
| 650 | 0 | |a Botany |z Tibet, China | |
| 999 | |a 0001152174 |b Book |c Adult Collection |e Cawangan Sri Merlong | ||